000 01136nam a2200313 i 4500
001 000017203
003 DO-SdBNP
005 20251107075234.0
007 ta
008 100319s2007 dr a 001 0 spa d
040 _aDO-SdBNP
_bspa
_cBPMSU
_erda
082 4 _a028.9
_bG861g 2007
_222
100 1 _aGrimaldi Silié, Eleanor,
_eautor
_d1948-
_4aut.
100 z _aSilié, Eleanor Grimaldi,
_d1948-
245 1 0 _aGuía para entrenamiento de promotores de lectura /
_cEleanor Grimaldi Silié ; corrección, Armando Almánzar Botello
264 1 _aSanto Domingo, República Dominicana :
_bSecretaría de Estado de Cultura,
_c2007.
300 _a89 páginas :
_bilustraciones ;
_c23 cm.
336 _atexto
_btxt
_2rdacontent
337 _asin mediación
_bn
_2rdamedia
338 _avolumen
_bnc
_2rdacarrier
504 _aBibliografía: páginas 82-89
590 _aInventariado, 2025/VM
650 7 _aPromoción de la lectura
650 7 _aAnimación a la lectura
650 7 _a Libros y lectura
700 1 _aAlmánzar Botello, Armando,
_ecorrector
_4corr.
910 _aVMateo V. Control de Calidad. BPMSU
942 _2ddc
_cBK
999 _c14117
_d14117